| 000 | 00947cab a2200289 4500 | ||
|---|---|---|---|
| 001 | WB3341-55 | ||
| 008 | 090401t1997 xxu||||| |||| 00| 0 eng d | ||
| 035 | _a(Sirsi) u81606 | ||
| 041 | _aeng | ||
| 245 | _aCalls for road pricing schemes | ||
| 260 | _c1997 | ||
| 350 | _a0 | ||
| 490 |
_aDaily Telegraph _v20 October 1997, 11 |
||
| 490 |
_aEvening Standard _v20 October 1997, 6 |
||
| 490 |
_aFinancial Times _v21 October 1997, 10(2) |
||
| 520 | _aThere are calls from various quarters for a nationwide road pricing scheme to be included in John Prescott`s transport White Paper expected next year. | ||
| 650 | _aADAM SMITH INSTITUTE | ||
| 650 | _aCENTRE FOR THE MANAGEMENT OF TRAFFIC AND THE ENVIRONMENT | ||
| 650 | _aROAD PRICING | ||
| 650 | _aROAD TOLLS | ||
| 650 | _aTRAFFIC POLLUTION | ||
| 650 | _aTRANSPORT POLICY | ||
| 650 | _aWHITE PAPER | ||
| 690 | _aTRANSPORT AND COMMUNICATIONS | ||
| 942 | _n0 | ||
| 948 | _c22/10/1997 | ||
| 999 |
_c51429 _d51429 |
||